Statistics for Geographic Straight Lines # 1

Click here to take the quiz!

General Stats

  • This quiz has been taken 132 times
  • The average score is 7 of 7

Answer Stats

Answer% Correct
Greece
97%
Libya
97%
Namibia
96%
Democratic Republic of The Congo
93%
Chad
90%
Angola
90%
Central African Republic
88%

Score Distribution

Percentile by Number Answered

Percent of People with Each Score

Your Score History

You have not taken this quiz